Every B&M Roller Coaster in the United States - Statistics

General Stats
  • This quiz has been taken 209 times
  • The average score is 38 of 66
Answer Stats
Hint Answer % Correct
Six Flags Great Adventure Batman the Ride
85%
Six Flags Over Georgia Batman the Ride
85%
Six Flags Over Texas Batman the Ride
85%
Six Flags Great America Batman the Ride
85%
Six Flags St. Louis Batman the Ride
85%
Six Flags Magic Mountain Batman the Ride
85%
Carowinds Fury 325
78%
Six Flags Great Adventure Nitro
78%
Hersheypark Great Bear
76%
Hersheypark Candymonium
75%
Six Flags Great Adventure Medusa
75%
Six Flags Discovery Kingdom Medusa
75%
Busch Gardens Tampa Montu
74%
Seaworld Orlando Mako
73%
Busch Gardens Tampa SheiKra
70%
Six Flags Great Adventure Superman Ultimate Flight
70%
Six Flags Over Georgia Superman Ultimate Flight
70%
Six Flags Great America Superman Ultimate Flight
70%
Seaworld Orlando Kraken
68%
Busch Gardens Tampa Kumba
68%
Seaworld Orlando Manta
68%
Busch Gardens Williamsburg Apollo's Chariot
67%
Six Flags Over Georgia Goliath
66%
Six Flags Fiesta Texas Goliath
66%
Carowinds Intimidator
66%
Universal's Islands of Adventure The Incredible Hulk
66%
Busch Gardens Williamsburg Alpengeist
65%
Busch Gardens Williamsburg Griffon
63%
Cedar Point Raptor
63%
Kings Island Diamondback
61%
Six Flags Great Adventure Green Lantern
61%
Dorney Park Talon
61%
Cedar Point Valravn
61%
Carowinds Afterburn
60%
Kings Dominion Dominator
60%
Kings Island Orion
57%
Cedar Point Gatekeeper
55%
Dorney Park Hydra the Revenge
55%
Cedar Point Rougarou
55%
Carowinds Vortex
55%
Kings Island Banshee
53%
Dollywood Wild Eagle
52%
Worlds of Fun Patriot
51%
California's Great America Patriot
51%
Dorney Park Iron Menace
47%
Six Flags America Firebird
43%
Seaworld Orlando Pipeline the Surf Coaster
43%
Seaworld Orlando Penguin Trek
42%
Six Flags Magic Mountain Riddler's Revenge
42%
Holiday World Thunderbird
42%
California's Great America Flight Deck
41%
Knott's Berry Farm Silver Bullet
41%
Six Flags Great America X-Flight
41%
Six Flags Over Georgia Georgia Scorcher
40%
Six Flags Great America Raging Bull
40%
Silver Dollar City Wildfire
38%
Six Flags New England Batman - The Dark Knight
37%
Six Flags Fiesta Texas Superman Krypton Coaster
37%
Busch Gardens Tampa Phoenix Rising
36%
Six Flags Magic Mountain Tatsu
35%
Six Flags Magic Mountain Scream!
33%
Seaworld San Antonio Great White
31%
Seaworld San Diego Emperor
29%
Six Flags Fiesta Texas Dr. Diabolical's Cliffhanger
28%
Universal's Islands of Adventure Chinese Fireball
22%
Universal's Islands of Adventure Hungarian Horntail
21%
No matching quizzes found
Score Distribution
Percent of People with Each Score
Percentile by Number Answered
Your Score History
You have not taken this quiz